UM Logo

How states prioritize educational needs during the covid-19 pandemic : (Record no. 23354)

MARC details
000 -LEADER
fixed length control field 00952nam a22002057a 4500
005 - DATE AND TIME OF LATEST TRANSACTION
control field 20260210093349.0
008 - FIXED-LENGTH DATA ELEMENTS--GENERAL INFORMATION
fixed length control field 250123b |||||||| |||| 00| 0 eng d
082 ## - DEWEY DECIMAL CLASSIFICATION NUMBER
Classification number DPer 371.206005 J826 Summer-Fall 2022 v. 48 n. 1-2
100 ## - MAIN ENTRY--PERSONAL NAME
Personal name McMorris, Claire.
Relator term author.
9 (RLIN) 64743
245 ## - TITLE STATEMENT
Title How states prioritize educational needs during the covid-19 pandemic :
Remainder of title assessing the distribution of the governor's emergency education relief fund /
Statement of responsibility, etc. Claire McMorris and David S. Knight.
260 ## - PUBLICATION, DISTRIBUTION, ETC. (IMPRINT)
Place of publication, distribution, etc. Illinois ;
Name of publisher, distributor, etc. University of Illinois Press ,
Date of publication, distribution, etc. Summer 2022.
300 ## - PHYSICAL DESCRIPTION
Extent Volume 115, pages 5-33 :
Other physical details illustration ;
Dimensions 26 cm.
500 ## - GENERAL NOTE
General note Journal of Education Finance, vol. 48, no. 1, pages 5-33, Summer 2022.
650 #0 - SUBJECT ADDED ENTRY--TOPICAL TERM
Topical term or geographic name as entry element Budgeting.
9 (RLIN) 64878
650 #0 - SUBJECT ADDED ENTRY--TOPICAL TERM
Topical term or geographic name as entry element COVID-19 (Disease)
General subdivision Economic aspects.
9 (RLIN) 44383
650 #0 - SUBJECT ADDED ENTRY--TOPICAL TERM
Topical term or geographic name as entry element Education — Finance.
9 (RLIN) 49342
700 ## - ADDED ENTRY--PERSONAL NAME
Personal name McMorris, Claire.
Relator term author.
9 (RLIN) 64743
700 ## - ADDED ENTRY--PERSONAL NAME
Personal name Knight, David S.
Relator term author.
9 (RLIN) 64744
942 ## - ADDED ENTRY ELEMENTS (KOHA)
Source of classification or shelving scheme Dewey Decimal Classification
Koha item type Periodicals
Holdings
Withdrawn status Lost status Source of classification or shelving scheme Damaged status Not for loan Collection code Home library Current library Date acquired Total Checkouts Full call number Date last seen Price effective from Koha item type Public note
    Dewey Decimal Classification     Periodicals UM Digos College - LIC UM Digos College - LIC 01/23/2025   DPer 371.206005 J826 Summer-Fall 2022 v. 48 n. 1-2 01/23/2025 01/23/2025 Periodicals Periodical Article